000
00271nam a2200109Ia 4500
001
1275890
005
20260417160436.0
008
260417s9999 xx 000 0 und d
020
_a
9786257303354
245
0
_a
Gölgem ve Ben
_c
Cansu Sabetrasekh
260
_b
Ketebe Çocuk
999
_c
1275890
_d
1275890